The civil court practice 2014 (Record no. 6816)

MARC details
000 -LEADER
fixed length control field 00322nam a22001217a 4500
008 - FIXED-LENGTH DATA ELEMENTS--GENERAL INFORMATION
fixed length control field 150625b xxu||||| |||| 00| 0 eng d
020 ## - INTERNATIONAL STANDARD BOOK NUMBER
International Standard Book Number 9781405787253
082 ## - DEWEY DECIMAL CLASSIFICATION NUMBER
Classification number 346.0504 CIV
245 ## - TITLE STATEMENT
Title The civil court practice 2014
260 ## - PUBLICATION, DISTRIBUTION, ETC. (IMPRINT)
Place of publication, distribution, etc UK :
Name of publisher, distributor, etc LexisNexis,
Date of publication, distribution, etc 2014.
300 ## - PHYSICAL DESCRIPTION
Extent lxi, 924p. :
Other physical details ill. ;
Dimensions 25cm.
942 ## - ADDED ENTRY ELEMENTS (KOHA)
Source of classification or shelving scheme Dewey Decimal Classification
Item type Books
Holdings
Withdrawn status Lost status Source of classification or shelving scheme Damaged status Not for loan Home library Current library Shelving location Date acquired Total Checkouts Full call number Date last seen Copy number Price effective from Koha item type
    Dewey Decimal Classification     Law Development Centre Main Library Law Development Centre Main Library Text Books and Laws 06/25/2015   346.0504 CIV 06/25/2015 001 06/25/2015 Books